000
00450nam a2200145Ia 4500
008
100122s9999 xx 000 0 und d
082
_b
8587
_a
823.08
100
_a
रांगणेकर कुमुदिनी
245
_a
गोड बंधन
260
_b
महाराष्ट्र ग्रंथ भांडार
_c
1941
300
_a
90
630
_a
गोड बंधन
730
_a
गोड बंधन
942
_c
BOOK
999
_c
400839
_d
400836